| 000 | 00740nam a22002057a 4500 | ||
|---|---|---|---|
| 999 |
_c6260 _d6260 |
||
| 003 | AR-CdUCM | ||
| 008 | 190314b ||||| |||| 00| 0 spa d | ||
| 040 |
_aMUNICIPALIDAD PROVINCIAL DEL CUSCO _cBIBLIOTECA MUNICIPAL DEL CUSCO |
||
| 082 |
_a869.56 / _bM49 |
||
| 100 |
_aMedina Sánchez, Bethoven _918003 |
||
| 245 | _aVolumen de vida / | ||
| 260 |
_aTrujillo : _bEdiciones sea, _c1991. |
||
| 440 |
_aColección homenaje al centenario de Cesar Vallejo _n3 _918004 |
||
| 505 | _aContenido :Sobre un caballo -- Palabras del viento --Contando mis dedos -- Aves cansadas -- Noticias de alegría ... | ||
| 650 |
_aPoesías peruanas _91481 |
||
| 650 |
_aLiteratura peruana _9169 |
||
| 650 |
_aNovelas _9218 |
||
| 942 |
_2ddc _cLIBROS |
||
| 945 | _arum | ||